000 00418nam a2200181Ia 4500
001 17437
005 20260306171517.0
008 260306s9999||||xx |||||||||||||| ||und||
041 _aESP
082 _a658
_bB141 V. 35
100 _aAgell, P.
_eAUT
245 0 _aInvestigación de mercados
260 _c1997
300 _a121 pƔginas :
_c25 cm.
650 _aGEN
654 _aCAN
942 _cLIB
_dJUS
_fJUS
_2ddc
_n
999 _c17437
_d17437